000 01149nam1a22002771i 4500
001 v19\rc\1796173
005 20260406211128.0
035 _a(NLR Aleph) 004886777
090 _a5228110
_c5228110
100 _a20061204d19051916|||y0rusy50 ca
101 0 _arus
102 _aRU
105 _ay j |||||
200 1 _aОтчет по Сосницкой земской публичной общественной библиотеке и Складу учебников и учебных пособий при Управе...
_fСосницкое уезд. земство
210 _aСосница
_d1905-1916
215 _d25
710 0 2 _aСосницкая земская общественная б-ка
_3RU\NLR\AUTH\889968158
_9432678
712 0 2 _aСосницкий земский склад учебников и учебных пособий
801 0 _aRU
_bNLR
_gpsbo
801 0 _aRU
_bRuMoRGB
_2psbo
801 1 _aRU
_bProSoft-M
_2rusmarc
852 _aNLR
_bЗем
_j46-13/О6
852 _aNLR (1904-1915*)
_j+Шифры разные
899 _aRuMoRGB (1904-1915*)
_jF 178/50
899 _aRuMoRGB (1904-1915*)
_jF 99/389
942 _cBOOK